000 00816cam a22002774a 4500
008
020 _a0471254541 (hbk.)
049 _aMAIN
090 _aHD30.28
_bBES
100 1 _aBesanko, David.
245 1 0 _aEconomics of strategy /
_cDavid Besanko, David Dranove and Mark Shanley.
250 _a2nd ed.
260 _aNew York :
_bWiley,
_cc2000.
300 _axii, 644 p. :
_bill. ;
_c26 cm.
500 _aIncludes index.
504 _aIncludes bibliographical references.
650 0 _aStrategic planning
_xEconomic aspects.
650 0 _aManagerial economics.
700 _aShanley, Mark.
700 1 _aDranove, David.
907 _a.b10296098
_b12-12-11
_c13-05-11
003
005 20230123125251.0
040 _cNUST
942 _cBOOKS
_kHD30.28
_mBES
999 _c138595
_d138595